LEADER 00845nam0-2200301 --450 001 9910262836903321 005 20180413132351.0 010 $a978-88-7180-756-0 100 $a20180406d2008----kmuy0itay5050 ba 101 0 $aita 102 $aIT 105 $aa 001yy 200 1 $aPier Paolo Pasolini. Accattone$fStefania Parigi 210 $aTorino$cLindau$d2008 215 $a233 p., [16] p. di tav.$cill.$d19 cm 225 1 $aUniversale/film 517 1 $aAccattone 610 0 $aPasolini, Pier Paolo. Accattone 610 0 $aAccattone 676 $a791.4372$v22$zita 700 1$aParigi,$bStefania$0527535 801 0$aIT$bUNINA$gREICAT$2UNIMARC 901 $aBK 912 $a9910262836903321 952 $a791.43 PAS 4$bBibl. 2018/152$fFLFBC 959 $aFLFBC 996 $aPier Paolo Pasolini$91013162 997 $aUNINA LEADER 02541nam 2200565Ia 450 001 9910784396703321 005 20230222160440.0 010 $a0-8166-9197-5 035 $a(CKB)1000000000346880 035 $a(EBL)310508 035 $a(OCoLC)191948698 035 $a(SSID)ssj0000278049 035 $a(PQKBManifestationID)11195553 035 $a(PQKBTitleCode)TC0000278049 035 $a(PQKBWorkID)10241057 035 $a(PQKB)11167014 035 $a(MiAaPQ)EBC310508 035 $a(MdBmJHUP)muse38973 035 $a(Au-PeEL)EBL310508 035 $a(CaPaEBR)ebr10151208 035 $a(CaONFJC)MIL522696 035 $a(EXLCZ)991000000000346880 100 $a20000411d2000 ub 0 101 0 $aeng 135 $aur|n|---||||| 181 $ctxt 182 $cc 183 $acr 200 10$aComedy is a man in trouble$b[electronic resource] $eslapstick in American movies /$fAlan Dale 210 $aMinneapolis $cUniversity of Minnesota Press$dc2000 215 $a1 online resource (302 p.) 300 $aDescription based upon print version of record. 311 $a0-8166-3657-5 320 $aIncludes bibliographical references (p. 237-245) and index. 327 $aMachine generated contents note: 1. Comedy Is a Man in Trouble 1 -- 2. Chaplin as Proteus, Low-Down and High Up 31 -- 3. Junior: Harold Lloyd and Buster Keaton 59 -- 4. Girl Heroes 92 -- 5. The Marx Brothers: The Buoyant Refuse of Our Teeming Shore 132 -- 6. Preston Sturges: Girl in a Jam, Boy in a Jam 161 -- 7. Jerry Lewis: The Once and Future King of Comedy 190 -- Coda 213 -- Notes 221 -- Works Cited 237 -- Index 247. 330 $aComedy Is a Man in Trouble presents a lively, accessible, and lavishly illustrated look at a form of comedy that has been expanded and refashioned in film by everyone from W. C. Fields and Marion Davies to Katharine Hepburn and Cary Grant. Here is not only an amusing look at film comedy history, but an insight into the human condition and what causes us to laugh. 606 $aComedy films$zUnited States$xHistory and criticism 606 $aMotion pictures$zUnited States$xHistory and criticism 615 0$aComedy films$xHistory and criticism. 615 0$aMotion pictures$xHistory and criticism. 676 $a791.43/617 676 $a791.43617 700 $aDale$b Alan S.$f1960-$01491039 801 0$bMiAaPQ 801 1$bMiAaPQ 801 2$bMiAaPQ 906 $aBOOK 912 $a9910784396703321 996 $aComedy is a man in trouble$93712585 997 $aUNINA